欧洲国家简易地图Simple Map of Countries in Europe - Statistics

General Stats
  • This quiz has been taken 23 times
  • The average score is 36 of 44
Answers on the Map
Answers color-coded by a green-red scale on the quiz's map according to % correct below.
 
Answer Stats
Answer % Correct
Ireland爱尔兰
95%
Austria奥地利
90%
France法国
90%
Germany德国
90%
Poland波兰
90%
Spain西班牙
90%
United Kingdom英国
90%
Andorra安道尔
86%
Czech捷克
86%
Denmark丹麦
86%
Greece希腊
86%
Iceland冰岛
86%
Italy意大利
86%
Liechtenstein列支敦士登
86%
Luxembourg卢森堡
86%
Monaco摩纳哥
86%
Netherlands荷兰
86%
Norway挪威
86%
Portugal葡萄牙
86%
Russia俄罗斯
86%
Slovakia斯洛伐克
86%
Ukraine乌克兰
86%
Belarus白俄罗斯
81%
Finland芬兰
81%
Malta马耳他
81%
Moldova摩尔多瓦
81%
North Macedonia北马其顿
81%
Serbia塞尔维亚
81%
Sweden瑞典
81%
Switzerland瑞士
81%
Vatican梵蒂冈
81%
Belgium比利时
76%
Bosnia & Herzegovina波斯尼亚和黑塞哥维那
76%
Estonia爱沙尼亚
76%
Lithuania立陶宛
76%
Romania罗马尼亚
76%
San Marino圣马力诺
76%
Slovenia斯洛文尼亚
76%
Albania阿尔巴尼亚
71%
Bulgaria保加利亚
71%
Croatia克罗地亚
71%
Hungary匈牙利
71%
Latvia拉脱维亚
71%
Montenegro黑山
71%
No matching quizzes found
Score Distribution
Percent of People with Each Score
Percentile by Number Answered
Your Score History
You have not taken this quiz